000 00360nam a2200157Ia 4500
008 160316s1986 xxu||||| |||| 00| 0 eng d
082 _a346.066000
_bGOR-I-1
100 _aBrowne Gore
245 _acompanies.Vol.I
250 _a44th
260 _aBristol
_bJordwas Publishing Co.
_c1986
300 _aVarie
_b
_c
365 _b
650 _a
700 _a
_a
999 _c18392
_d18392